000 00551nam a2200181Ia 4500
005 20250423095737.0
008 250422s9999 xx 000 0 und d
020 _a9780415809214
050 _aTA 177.4 .W49/
100 _aWhyte, Andrew
245 0 _aIntegrated design and cost management for civil engineers
260 _aNew York
260 _bCRC Press
260 _c2015
300 _a447 p
650 _a Engineering economy. Public works--Costs. Construction industry--Management. Building--Cost control.
942 _cBK
999 _c31200
_d31200